History of science and technology in India / (Record no. 136780)

MARC details
000 -LEADER
fixed length control field 00626nam a22002177a 4500
010 ## - LIBRARY OF CONGRESS CONTROL NUMBER
LC control number 913617
020 ## - INTERNATIONAL STANDARD BOOK NUMBER
Terms of availability 60.00
035 ## - SYSTEM CONTROL NUMBER
System control number 913617
037 ## - SOURCE OF ACQUISITION
Source of stock number/acquisition Cen Lib / Ret
040 ## - CATALOGING SOURCE
Original cataloging agency DPL
Language of cataloging EN
082 ## - DEWEY DECIMAL CLASSIFICATION NUMBER
Classification number 610.954
Item number JAG
100 ## - MAIN ENTRY--PERSONAL NAME
Personal name Jaggi, O. P.
245 ## - TITLE STATEMENT
Title History of science and technology in India /
Statement of responsibility, etc by O. P. Jaggi
260 ## - PUBLICATION, DISTRIBUTION, ETC. (IMPRINT)
Place of publication, distribution, etc Delhi
Name of publisher, distributor, etc Atma Ram & Sons
Date of publication, distribution, etc 1973
270 ## - ADDRESS
Address 17, Ashok Marg, Lucknow
City Delhi
300 ## - PHYSICAL DESCRIPTION
Extent 228p ;
Other physical details 24cm(Hb)
505 ## - FORMATTED CONTENTS NOTE
Formatted contents note v 3 Folk Medicine
650 ## - SUBJECT ADDED ENTRY--TOPICAL TERM
Topical term or geographic name as entry element Science -- India -- History.
650 ## - SUBJECT ADDED ENTRY--TOPICAL TERM
Topical term or geographic name as entry element Technology -- India -- History.
942 ## - ADDED ENTRY ELEMENTS (KOHA)
Source of classification or shelving scheme Dewey Decimal Classification
Koha item type English Books
Classification part 610.954
Call number suffix JAG
Holdings
Withdrawn status Lost status Source of classification or shelving scheme Materials specified (bound volume or other part) Damaged status Not for loan Home library Current library Date acquired Source of acquisition Total Checkouts Full call number Barcode Date last seen Copy number Price effective from Koha item type Public note
Written off   Dewey Decimal Classification v 3     Central Library Central Library 09/03/2016 Cen Lib/Ret   610.954 JAG 913617 09/03/2016 1 09/03/2016 English Books Written off on approval by DLB (By Circulation); dtd 15-06-2023

© Delhi Public Library
Hit Counter
free hit counter